[Event "EU-ch Hybrid U14"]
[Site "Tornelo INT"]
[Date "2021.10.15"]
[Round "1"]
[White "Kolomeets, Daniel"]
[Black "Shinkarov	, Artem"]
[Result "0-1"]
[WhiteElo "1107"]
[BlackElo "1894"]
[PlyCount "62"]
[EventDate "2021.10.15"]
[EventType "swiss"]
[EventRounds "9"]
[EventCountry "NET"]
[SourceTitle "EXT 2023"]
[Source "ChessBase"]
[SourceDate "2022.10.05"]
[SourceVersion "1"]
[SourceVersionDate "2022.10.05"]
[SourceQuality "1"]
[WhiteTeam "Russia"]
[BlackTeam "Russia"]
[WhiteTeamCountry "RUS"]
[BlackTeamCountry "RUS"]

1. Nf3 d5 2. g3 c6 3. Bg2 Nf6 4. 0-0 Bf5 5. d3 e6 6. Re1 h6 7. Bf4 Be7 8. Nbd2 0-0 9. e4 Bh7 10. Bxb8 Rxb8 11. e5 Nd7 12. d4 Qb6 13. Nb3 c5 14. dxc5 Nxc5 15. Nfd4 Rbc8 16. c3 Rc7 17. Kh1 a6 18. f4 Ne4 19. Rf1 Re8 20. f5 exf5 21. Nxf5 Bxf5 22. Rxf5 Nf2+ 23. Rxf2 Qxf2 24. Qxd5 Bf8 25. Rf1 Qe3 26. Be4 Qg5 27. Rf5 Qd8 28. Nd4 Qxd5 29. Bxd5 g6 30. Rxf7 Rxf7 31. e6 Rfe7 0-1

[Event "EU-ch Hybrid U14"]
[Site "Tornelo INT"]
[Date "2021.10.15"]
[Round "2"]
[White "Ramaj, Ergit"]
[Black "Kolomeets, Daniel"]
[Result "1-0"]
[WhiteElo "1678"]
[BlackElo "1107"]
[PlyCount "57"]
[EventDate "2021.10.15"]
[EventType "swiss"]
[EventRounds "9"]
[EventCountry "NET"]
[SourceTitle "EXT 2023"]
[Source "ChessBase"]
[SourceDate "2022.10.05"]
[SourceVersion "1"]
[SourceVersionDate "2022.10.05"]
[SourceQuality "1"]
[WhiteTeam "Albania"]
[BlackTeam "Russia"]
[WhiteTeamCountry "ALB"]
[BlackTeamCountry "RUS"]

1. e4 c6 2. Bc4 d5 3. Bb3 dxe4 4. Qh5 g6 5. Qh4 Nf6 6. Nc3 Bf5 7. f3 exf3 8. Nxf3 Bg7 9. 0-0 0-0 10. d3 Nd5 11. Nxd5 cxd5 12. Bh6 Nc6 13. g4 Bc8 14. Ng5 Qb6+ 15. Kh1 Qd4 16. Bxg7 Qxg7 17. Bxd5 e6 18. Bxc6 bxc6 19. Rf6 h6 20. Ne4 Bb7 21. Nd6 Rab8 22. Raf1 c5+ 23. Kg1 Bd5 24. Nxf7 Rxf7 25. Rxf7 Qd4+ 26. Qf2 Qxg4+ 27. Qg3 Qd4+ 28. R1f2 g5 29. Qxb8# 1-0

[Event "RUS-chT U14 final"]
[Site "Sochi"]
[Date "2019.05.08"]
[Round "7.3"]
[White "Laukhina, Margarita A"]
[Black "Kolomeets, Daniel"]
[Result "1/2-1/2"]
[WhiteElo "1638"]
[BlackElo "1194"]
[PlyCount "107"]
[EventDate "2019.05.01"]
[EventType "team-tourn"]
[EventRounds "9"]
[EventCountry "RUS"]
[SourceTitle "CBM 190 Extra"]
[Source "ChessBase"]
[SourceDate "2019.07.15"]
[SourceVersion "1"]
[SourceVersionDate "2019.07.15"]
[SourceQuality "1"]

1. d4 d5 2. c4 c6 3. Nc3 Nf6 4. Nf3 dxc4 5. a4 Bf5 6. e3 e6 7. Bxc4 Bb4 8. 0-0 0-0 9. Qb3 Qb6 10. Nh4 Bg6 11. Nxg6 hxg6 12. Rd1 Bxc3 13. bxc3 Nbd7 14. Ba3 Rfe8 15. Qc2 a6 16. Rdb1 Qc7 17. a5 Kh7 18. e4 c5 19. e5 cxd4 20. cxd4 Nd5 21. Bd6 Qc6 22. Qb3 Ra7 23. Bxd5 Qxd5 24. Qxd5 exd5 25. Rc1 b5 26. axb6 Nxb6 27. Rc6 Nc4 28. Rcxa6 Rxa6 29. Rxa6 Re6 30. Kf1 f6 31. f4 Ne3+ 32. Kf2 Nf5 33. Ra5 Nxd6 34. exd6 Rxd6 35. Ke3 Kg8 36. Ra7 f5 37. Kd3 Kf8 38. Rc7 Ra6 39. Rc5 Ra2 40. Rxd5 Rxg2 41. Re5 Rxh2 42. d5 Rh8 43. d6 Kf7 44. Re7+ Kf6 45. Kd4 Rd8 46. Kd5 Ra8 47. Rb7 Ra5+ 48. Kc6 Ra1 49. Rb5 g5 50. fxg5+ Ke6 51. d7 Rc1+ 52. Kb6 Kxd7 53. Rxf5 Ke6 54. Rb5 1/2-1/2

[Event "RUS-chT U14 final"]
[Site "Sochi"]
[Date "2019.05.04"]
[Round "4.3"]
[White "Derevshikov, Nikita"]
[Black "Kolomeets, Daniel"]
[Result "1-0"]
[WhiteElo "1737"]
[BlackElo "1194"]
[PlyCount "157"]
[EventDate "2019.05.01"]
[EventType "team-tourn"]
[EventRounds "9"]
[EventCountry "RUS"]
[SourceTitle "CBM 190 Extra"]
[Source "ChessBase"]
[SourceDate "2019.07.15"]
[SourceVersion "1"]
[SourceVersionDate "2019.07.15"]
[SourceQuality "1"]

1. b3 d5 2. Bb2 c5 3. e3 Nf6 4. Nf3 g6 5. d4 b6 6. dxc5 bxc5 7. Ne5 Ba6 8. Bxa6 Nxa6 9. 0-0 Bg7 10. Qe2 Nc7 11. c4 e6 12. Rd1 0-0 13. Nd2 Qe8 14. Rac1 Rc8 15. Ndf3 Nd7 16. Nxd7 Qxd7 17. Bxg7 Kxg7 18. Qb2+ f6 19. Qa3 Na8 20. cxd5 exd5 21. Rxc5 Nb6 22. Rxc8 Rxc8 23. h3 f5 24. Qb2+ Kg8 25. Ne5 Qg7 26. Qd4 Re8 27. Nf3 Qxd4 28. Nxd4 Rc8 29. a4 a5 30. Kf1 Kf7 31. Ke2 Kf6 32. h4 Nd7 33. g3 Nf8 34. Kd2 Ne6 35. Nxe6 Kxe6 36. Rc1 Rb8 37. Rc3 Kd6 38. Kc2 h5 39. Kd3 Re8 40. Ke2 Rb8 41. Kf3 Ke5 42. Rc5 Rxb3 43. Rxa5 Rb6 44. Ra8 Kf6 45. a5 Rb4 46. a6 Ra4 47. a7 Kg7 48. Ke2 Kh7 49. Kd3 Kg7 50. Kc3 Kh7 51. Kb3 Ra1 52. Kb4 Kg7 53. Kb5 Ra2 54. Kb6 Rb2+ 55. Kc6 Rc2+ 56. Kd6 Ra2 57. Ke6 Ra6+ 58. Ke7 Ra1 59. Ke8 Ra6 60. Rd8 Rxa7 61. Rd7+ Rxd7 62. Kxd7 Kf6 63. Kd6 Kg7 64. Kxd5 Kf7 65. Ke5 Ke7 66. f3 Kf7 67. Kd6 Kf6 68. e4 g5 69. e5+ Kf7 70. f4 gxf4 71. gxf4 Kf8 72. e6 Ke8 73. e7 Kf7 74. Kd7 Kg7 75. e8Q Kh6 76. Ke7 Kg7 77. Qxh5 Kg8 78. Kf6 Kf8 79. Qh8# 1-0

[Event "RUS-chT U14 final"]
[Site "Sochi"]
[Date "2019.05.02"]
[Round "2.4"]
[White "Shakhov, Dmitriy"]
[Black "Kolomeets, Daniel"]
[Result "1-0"]
[WhiteElo "1677"]
[BlackElo "1194"]
[PlyCount "97"]
[EventDate "2019.05.01"]
[EventType "team-tourn"]
[EventRounds "9"]
[EventCountry "RUS"]
[SourceTitle "CBM 190 Extra"]
[Source "ChessBase"]
[SourceDate "2019.07.15"]
[SourceVersion "1"]
[SourceVersionDate "2019.07.15"]
[SourceQuality "1"]

1. d4 d5 2. c4 c6 3. Nc3 Nf6 4. Nf3 Bf5 5. Qb3 Qd7 6. Bf4 e6 7. e3 Be7 8. cxd5 exd5 9. Ne5 Qc8 10. Be2 0-0 11. 0-0 Nbd7 12. Rac1 Nxe5 13. Bxe5 Qd7 14. Na4 Ne4 15. Rfd1 b5 16. Nc3 Nxc3 17. Qxc3 Rfc8 18. b4 Bd6 19. Bxd6 Qxd6 20. a3 Qg6 21. Bf1 Rc7 22. Bxb5 Be4 23. Bf1 Re8 24. b5 Re6 25. Qa5 Rce7 26. Rxc6 f5 27. Rdc1 f4 28. Rxe6 Qxe6 29. exf4 Qd6 30. Rc8+ Kf7 31. Qd8 Qxd8 32. Rxd8 Rc7 33. f3 Bf5 34. Rxd5 Be6 35. Rc5 Rd7 36. f5 Ba2 37. Kf2 Bb1 38. Ke3 Re7+ 39. Kf4 Rd7 40. Bc4+ Kf8 41. d5 Ke7 42. Rc6 g6 43. Re6+ Kf7 44. d6 Bxf5 45. Re7+ Kf8 46. Rxd7 Bxd7 47. Ke5 Kg7 48. a4 h5 49. Be6 1-0

[Event "Gelendzhik op 14th"]
[Site "Gelendzhik"]
[Date "2017.05.31"]
[Round "4"]
[White "Ivanov, Artem1111"]
[Black "Kolomeets, Daniel"]
[Result "1-0"]
[WhiteElo "1832"]
[BlackElo "1212"]
[PlyCount "43"]
[EventDate "2017.05.28"]
[EventType "swiss"]
[EventRounds "9"]
[EventCountry "RUS"]
[SourceTitle "EXT 2018"]
[Source "ChessBase"]
[SourceDate "2017.10.13"]
[SourceVersion "1"]
[SourceVersionDate "2017.10.13"]
[SourceQuality "1"]

1. e4 c6 2. d4 d5 3. Nc3 dxe4 4. Nxe4 Bf5 5. Ng3 Bg6 6. Bc4 e6 7. N1e2 Nd7 8. Nf4 Ne7 9. 0-0 h6 10. Re1 Bh7 11. Bxe6 g5 12. Qh5 Bg6 13. Nxg6 fxg6 14. Qf3 Rh7 15. Ne4 Qa5 16. Nd6+ Kd8 17. Nxb7+ Kc7 18. Nxa5 Rd8 19. Qg3+ Kc8 20. Qb3 Re8 21. Qb7+ Kd8 22. Qxd7# 1-0